Представление документа в формате RUSMARC

ПолеНазваниеЗначение
  Тип записи a
  Библиографический уровень m
001 Контрольный номер f942e285c4674e99b40a1da233aebb4a
005 Дата корректировки 20140609143142.7
010 Индекс ISBN __
a ISBN 5-98119-588-6
200 Заглавие и сведения об ответственности 1_
a Заглавие Должностные инструкции руководителей, специалистов, исполнителей основного штатного состава
f Первые сведения об ответственности сост. Ю.В.Сенотрусова
210 Выходные данные 1_
a Место издания М.
c Издательство Омега-Л
d Дата издания 2005
215 Физическое описание __
a Объем 205 с.
225 Серия 2_
a Серия Отдел кадров
610 Ключевые слова 0_
a Ключевые слова должностные инструкции
610 Ключевые слова 0_
a Ключевые слова руководители
610 Ключевые слова 0_
a Ключевые слова специалисты
610 Ключевые слова 0_
a Ключевые слова технические исполнители
610 Ключевые слова 0_
a Ключевые слова бухгалтерия
610 Ключевые слова 0_
a Ключевые слова финансовый отдел
610 Ключевые слова 0_
a Ключевые слова кадровая служба
610 Ключевые слова 0_
a Ключевые слова секритариат
610 Ключевые слова 0_
a Ключевые слова рекламно-информационная служба
686 Индексы других классификаций __
a Классификационный индекс 65.9(2)245.6
2 Код системы rubbk
801 Источник записи _0
a Страна RU
b Организация РУК
c Дата составления 20031021
g Правила каталогизации PSBO
801 Источник записи _1
a Страна RU
b Организация РУК
c Дата составления 20031021
g Правила каталогизации PSBO
852 Данные о местонахождении __
i Авторский знак Д 64
j Шифр хранения ББК 65.9(2)24
901 Тип документа __
t Тип документа m
938 Служебная информация __
a Название организации Головной вуз
b Имя БД BOOK
c Название АИБС АИБС ИРБИС